[Event "Pan American-ch U16"]
[Site "Guayaquil"]
[Date "2019.07.26"]
[Round "8"]
[White "Leon Sol, Galo Augusto"]
[Black "Cardenas Lima, Matthew"]
[Result "1-0"]
[WhiteElo "1491"]
[BlackElo "1643"]
[PlyCount "87"]
[EventDate "2019.07.21"]
[EventType "swiss"]
[EventRounds "9"]
[EventCountry "ECU"]
[SourceTitle "EXT 2020"]
[Source "ChessBase"]
[SourceDate "2019.10.17"]
[SourceVersion "1"]
[SourceVersionDate "2019.10.17"]
[SourceQuality "1"]

1. d4 f5 2. c4 Nf6 3. Nc3 e6 4. g3 d5 5. cxd5 exd5 6. Bg2 c6 7. Nf3 Nbd7 8. Bf4 Be7 9. 0-0 0-0 10. e3 Ne4 11. Be5 Re8 12. Rb1 g5 13. h3 Bb4 14. Rc1 Nxc3 15. bxc3 Ba3 16. Rb1 g4 17. hxg4 fxg4 18. Nh2 Nxe5 19. dxe5 Qg5 20. e4 Rxe5 21. exd5 cxd5 22. Re1 Be6 23. Rxe5 Qxe5 24. Nxg4 Qg5 25. Bxd5 Bxd5 26. Qxd5+ Qxd5 27. Nf6+ Kf7 28. Nxd5 b6 29. c4 Rc8 30. Ne3 Bc5 31. Rc1 Bxe3 32. fxe3 Ke6 33. Kf2 Kd6 34. e4 Kc5 35. Ke3 Kb4 36. e5 b5 37. Rb1+ Ka3 38. cxb5 Kxa2 39. Rb4 Ka3 40. Rd4 Rc5 41. e6 Rxb5 42. e7 Rb1 43. Rd2 Rb8 44. Rd8 1-0

[Event "ECU-ch U16"]
[Site "Guayaquil"]
[Date "2019.04.20"]
[Round "7"]
[White "Nugra Loja, Eric"]
[Black "Leon Sol, Galo Augusto"]
[Result "1/2-1/2"]
[WhiteElo "1284"]
[BlackElo "1498"]
[PlyCount "37"]
[EventDate "2019.04.17"]
[EventType "swiss"]
[EventRounds "9"]
[EventCountry "ECU"]
[SourceTitle "CBM 190 Extra"]
[Source "ChessBase"]
[SourceDate "2019.07.15"]
[SourceVersion "1"]
[SourceVersionDate "2019.07.15"]
[SourceQuality "1"]

1. d4 Nf6 2. c4 g6 3. Nc3 Bg7 4. g3 0-0 5. Bg2 d6 6. Nf3 c6 7. 0-0 Qa5 8. Qb3 Qh5 9. Bg5 Nbd7 10. h3 e5 11. g4 Nxg4 12. hxg4 Qxg4 13. Be7 Re8 14. Bxd6 exd4 15. Nh2 Qg5 16. Nd1 Rxe2 17. Nf3 Qh5 18. Nh2 Qg5 19. Nf3 1/2-1/2

[Event "South American-ch U12"]
[Site "Santiago de Chile"]
[Date "2016.12.02"]
[Round "3.8"]
[White "Lopez Herrera, Piero"]
[Black "Leon Sol, Galo Augusto"]
[Result "1-0"]
[WhiteElo "1727"]
[BlackElo "1441"]
[PlyCount "63"]
[EventDate "2016.12.01"]
[EventType "swiss"]
[EventRounds "9"]
[EventCountry "CHI"]
[SourceTitle "EXT 2022"]
[Source "ChessBase"]
[SourceDate "2021.10.06"]
[SourceVersion "1"]
[SourceVersionDate "2021.10.06"]
[SourceQuality "1"]

1. e4 c5 2. Nf3 a6 3. c4 d6 4. d4 cxd4 5. Nxd4 Nf6 6. Nc3 Nc6 7. Be2 e6 8. Be3 Be7 9. 0-0 0-0 10. f4 e5 11. Nxc6 bxc6 12. f5 c5 13. Qd3 Qb6 14. Rab1 Rd8 15. g4 Bf8 16. g5 Ne8 17. g6 Nf6 18. Bg5 Be7 19. Bxf6 Bxf6 20. Nd5 Qb7 21. gxh7+ Kh8 22. Nxf6 gxf6 23. Rf2 Qe7 24. Rg2 Bb7 25. Qg3 Qf8 26. Qh4 Qe7 27. Rg3 Re8 28. Qh6 Qf8 29. Qxf6+ Kxh7 30. Rh3+ Qh6 31. Qxh6+ Kg8 32. Rg3# 1-0